000 00203nam a2200073Ia 4500
008 170620s9999 xx 000 0 und d
100 _aPandey- Ramshakal (Hindi)
245 0 _aShiksha darshan (Hindi)
260 _bAgra- Vinod Pustak Mandir
999 _c23707
_d23707